Физика. Лекция 20: Магнитное поле (Запись № 8958432)

Подробности
000 -МАРКЕР
контрольное поле 01372nam2a22002651 4500
001 - ИДЕНТИФИКАТОР ЗАПИСИ
контрольное поле rc\4925938
005 - ИДЕНТИФИКАТОР ВЕРСИИ
контрольное поле 20250613041943.0
021 ## - НОМЕР ГОСУДАРСТВЕННОЙ РЕГИСТРАЦИИ
Код страны Российская Федерация
Номер [67-5165]
035 ## - ДРУГИЕ СИСТЕМНЫЕ НОМЕРА
Идентификатор записи (NLR Aleph) 008943280
100 ## - ДАННЫЕ ОБЩЕЙ ОБРАБОТКИ
Данные общей обработки 20130426d1966 |||y0rusy50 ca
101 0# - ЯЗЫК РЕСУРСА
Язык текста, звукозаписи и т.д. русский
102 ## - СТРАНА ПУБЛИКАЦИИ ИЛИ ПРОИЗВОДСТВА
Страна публикации Российская Федерация
105 ## - ПОЛЕ КОДИРОВАННЫХ ДАННЫХ: ТЕКСТОВЫЕ МАТЕРИАЛЫ, МОНОГРАФИЧЕСКИЕ
Кодированные данные о монографическом текстовом документе a z |||||
200 1# - ЗАГЛАВИЕ И СВЕДЕНИЯ ОБ ОТВЕТСТВЕННОСТИ
Основное заглавие Магнитное поле
Сведения, относящиеся к заглавию Для студентов общетехн. фак.
210 ## - ПУБЛИКАЦИЯ, РАСПРОСТРАНЕНИЕ И ДР.
Дата издания, распространения и т.д. 1966
Место издания, распространения и т.д. Б. м.
215 ## - ФИЗИЧЕСКАЯ ХАРАКТЕРИСТИКА
Специфическое обозначение материала и объем 19 с.
Другие сведения о физической характеристике черт.
300 ## - ОБЩИЕ ПРИМЕЧАНИЯ
Текст примечания На обл. авт. не указан
461 #0 - УРОВЕНЬ НАБОРА
Встроенное поле 001rc\4925934
-- 2001#$aФизика$eЛекция в магнитофонной записи$fМ-во высш. и сред. спец. образования УССР. Упр. высш. учеб. Заведений. Совет науч.-метод. объединения$vЛекция 20
Системный номер (АБИС) связанной записи 8958409
Место публикации Харьков
Дата публикации 1967
Первые сведения об ответственности М-во высш. и сред. спец. образования УССР. Упр. высш. учеб. Заведений. Совет науч.-метод. объединения
Имя издателя, распространителя и т.д. Изд-во Харьк. ун-та
Сведения, относящиеся к заглавию Лекция в магнитофонной записи
Физическая характеристика 21 с.
Заглавие Физика
Номер тома Лекция 20
700 #1 - ИМЯ ЛИЦА - ПЕРВИЧНАЯ ОТВЕТСТВЕННОСТЬ
Начальный элемент ввода Гакен
Часть имени, кроме начального элемента ввода В.И.
Расширение инициалов личного имени Вячеслав Иосифович
801 #0 - ИСТОЧНИК ЗАПИСИ
Страна Российская Федерация
Организация NLR
Правила каталогизации psbo
801 #1 - ИСТОЧНИК ЗАПИСИ
Страна Российская Федерация
Организация ELAR
Источник данных rusmarc
852 ## - МЕСТОНАХОЖДЕНИЕ И ШИФР ХРАНЕНИЯ
Идентификатор организации NLR
Шифр хранения (Call Number) 67-6/2426
942 ## - ДОПОЛНИТЕЛЬНЫЕ ЭЛЕМЕНТЫ ЗАПИСИ (АБИС)
Тип экземпляра АБИС Книга
980 ## - КОЛЛЕКЦИЯ
Название коллекции Национальная библиография
Экземпляры
Тип экземпляра Дата поступления Библиотека постоянного хранения Библиотека текущего хранения Место хранения Шифр хранения Штрих-код Статус экземпляра
Книга 26.10.2013 РНБ (Московский) РНБ (Московский) Русский книжный фонд: издания с 1957 года 67-6/2426 8943280-10